| 000 | 00577nmm a22001937a 4500 | ||
|---|---|---|---|
| 003 | OSt | ||
| 005 | 20240517101829.0 | ||
| 006 | eBook | ||
| 008 | 240517b |||||||| |||| 00| 0 eng d | ||
| 040 | _cMRSPTU | ||
| 100 | _aDouglas Bell | ||
| 110 | _aMike Parr | ||
| 245 | _aVisual Basic 2010 for Students | ||
| 250 | _a1st | ||
| 260 |
_aNew Delhi _bPearson _c2010 |
||
| 600 | _2Computer Science | ||
| 856 |
_3Click here to access the e-book _uhttps://ebookcentral.proquest.com/lib/gzsptuc/detail.action?docID=5137300&query=Visual+Basic+2010+for+Students |
||
| 942 |
_2ddc _cEB _n1 |
||
| 999 |
_c10312 _d10312 |
||